000
00249nam a2200097Ia 4500
001
1157768
005
20250827011247.0
008
250824s9999 xx 000 0 und d
245
0
_a
TEKNOLOJİ FELSEFESİ
_c
STİG BORSEN
260
_b
KETEBE YAYINLARI
999
_c
1157768
_d
1157768